The Igor Gorski collection of RSFSR 1918-1923, Russian Soviet Federative Socialist Republic (Record no. 2998)
[ view plain ]
| 000 -LEADER | |
|---|---|
| fixed length control field | 00316nam a22000977a 4500 |
| 008 - FIXED-LENGTH DATA ELEMENTS--GENERAL INFORMATION | |
| fixed length control field | 190706b ||||| |||| 00| 0 eng d |
| 100 ## - MAIN ENTRY--AUTHOR'S NAME | |
| Author's Name | Cherrystone Auction |
| 245 ## - TITLE STATEMENT | |
| Title | The Igor Gorski collection of RSFSR 1918-1923, Russian Soviet Federative Socialist Republic |
| 260 ## - PUBLICATION, DISTRIBUTION, ETC. (IMPRINT) | |
| Name of publisher, distributor, etc. | Cherrystone Auctions |
| Date of publication, distribution, etc. | 2014 |
| 650 ## - TOPICAL TERM (Tag) | |
| Topical term or geographic name | Russia |
| Withdrawn status | Lost status | Source of classification or shelving scheme | Damaged status | Koha normalized classification for sorting | Not for loan | Permanent Location | Current Location | Shelving location | Date acquired | Total Checkouts | Full call number | Barcode | Date last seen | Copy number | Price effective from | Koha item type |
|---|---|---|---|---|---|---|---|---|---|---|---|---|---|---|---|---|
| G7001 D313 C522 | Northern Philatelic Library | Northern Philatelic Library | General Stacks | 07/06/2019 | G7001 D313 C522 | 1005410 | 07/06/2019 | 1 | 07/06/2019 | Auction Catalogs |